000 00721nam a2200277Ia 4500
001 Z_1241
003 CHAP
008 220113s1986 xx 000 0 und d
010 _a164329
040 _cCHAP
082 _a576 S8y
100 _aStanier, Roger Y
_9109451
245 _aMicrobiología /
_cpor Roger Y. Stainer, Edward A. Adelberg y John L. Ingraham
260 _aMéxico :
_bREPLA,
_c1986
300 _a836 p. :
_bilus
440 _a
500 _aTrad. de: The microbial world, 4 ed. de 1983
503 _aC/E
650 _aMicrobiología I. Adelberg, Edward A. II. Ingrahm, John L.
_9138465
901 _a576 S8y
902 _aA
910 _a1986
942 _c1
942 _cc1
999 _c164329
_d164329